| 000 | 00792nam a22001937a 4500 | ||
|---|---|---|---|
| 005 | 20250917152045.0 | ||
| 010 | _aB-775487-504 20BACCHEN25 | ||
| 020 |
_c250.00 _a9789354719066 |
||
| 035 | _aB-775487-504 | ||
| 037 | _bScholastic | ||
| 082 |
_21 _aS |
||
| 100 |
_aDua, Saanvi _985112 |
||
| 245 |
_aLike a China Doll: _b& Other Stories/ _cBy Saanvi Dua |
||
| 260 |
_aGurgaon _bScholastic India Pvt.Ltd _c2024 |
||
| 270 |
_aA-27, Ground Floor Sigma Centre Infocity-1 Sector 34 _bGurgaon _e122001 |
||
| 300 |
_a30p. _c18cm.(pb) |
||
| 942 |
_2ddc _cCH _hS _mDUA |
||
| 999 |
_c209733 _d209733 |
||